| 000 | 005640000a22001810004500 | ||
|---|---|---|---|
| 003 | MACL | ||
| 005 | 20160217130647.0 | ||
| 008 | 160217b xxu||||| |||| 00| 0 eng d | ||
| 040 |
_aMACL _cMACL |
||
| 041 | _aHindi | ||
| 082 | _a338 | ||
| 100 |
_aपचौरी पं. शीतलप्रसाद _938656 |
||
| 245 | _aसफल मुर्गी पालन और व्यवसाय | ||
| 260 |
_bजवाहर पुस्तकालय _c1956 _aमथुरा |
||
| 350 | _a2 | ||
| 650 |
_aProduction _938657 |
||
| 942 |
_cHIN _k338 _2ddc |
||
| 999 |
_c24124 _d24124 |
||